000
00319nam a22001217a 4500
008
181207b xxu||||| |||| 00| 0 eng d
041
_a
eng
080
_a
510
100
_a
36
101
_a
MAT
245
_a
Numerical Solution of Partial Differential Equations: Finite Difference Methods
_c
Smith, G.D
942
_2
udc
_c
BK
999
_c
53060
_d
53060